000 00359nam a2200157Ia 4500
008 100122s9999 xx 000 0 und d
082 _b65451
_aBM823.08
100 _aWATSON CAROL
245 _aMAGICAL ANIMALS
250 _a1
260 _bUSBORNE PUB
_c2003
300 _a48
630 _aMAGICAL ANIMALS
730 _aMAGICAL ANIMALS
942 _cBOOK
999 _c380003
_d380000